• 首页
  • 本馆介绍
  • 公告通知
  • 最新文献
  • 馆藏检索
  • 电子资源
  • 读者导购
  • 参考咨询
  • 我的图书馆
  • 登录
  • 详细信息显示
  • 放入我的书架
  • 预约/预借图书
  • 作者相关作品
  • 分类相关作品
  • 丛书相关作品
  • 出版社相关作品

书目信息

  • 表格格式
  • 工作单格式
  • 卡片格式
题名:
音乐探索 教师指南
    
 
作者: 阿鲁图尼安 著 ;胡昕 译
分册: 4  
出版信息: 上海   上海音乐出版社  2020.01
页数: 40页
开本: 31cm
丛书名:
单 册:
中图分类: J6
科图分类:
主题词: 音乐--教学参考资料
电子资源:
ISBN: 978-7-5523-1811-1
000 01249nam0 2200313 450
001 0120202981585
005 20201019091601.48
010    @a978-7-5523-1811-1@dCNY35.00
039    @aA310000SHL@bUCS01003933786@c1103678835
100    @a20200423d2020 em y0chiy50 ea
101 1  @achi@ceng
102    @aCN@b310000
105    @aag z 000yy
106    @ar
200 1  @a音乐探索 教师指南@9yin yue tan suo jiao shi zhi nan@h4@b专著@dExplorations in music@h4@f乔安娜·阿鲁图尼安(Joanne Haroutounian)著@g胡昕译@zeng
210    @a上海@c上海音乐出版社@d2020.01
215    @a40页@c图@d31cm
300    @a全国高等院校音乐教育专业系列教材——音乐教育研究论丛 上海市“立德树人”重点人文学科基地:音乐教育教学研究基地 原版引进
305    @a美国秋思音乐公司提供版权
306    @a与上海文艺音像电子出版社合作出版
330    @a本书是第四级别,包括能力测试、最终能力测试、聆听内容答案、音乐情绪、创作广告歌曲、音乐结构、音乐研究报告、范围与进度。
333    @a高校师生
510 1  @aExplorations in music@h4@zeng
606 0  @a音乐@j教学参考资料
690    @aJ6@v5
701  0 @c(美)@a阿鲁图尼安@9a lu tu ni an@c(Haroutounian, Joanne)@4著
702  0 @a胡昕@9hu xin@4译
801  0 @aCN@b人天书店@c20200423
905    @b1286084-87@dJ6@e1081:4@f4
    
    音乐探索 教师指南.4=Explorations in music.4/乔安娜·阿鲁图尼安(Joanne Haroutounian)著/胡昕译.-上海:上海音乐出版社,2020.01
    40页:图;31cm
    全国高等院校音乐教育专业系列教材——音乐教育研究论丛 上海市“立德树人”重点人文学科基地:音乐教育教学研究基地 原版引进.-使用对象:高校师生
    
    ISBN 978-7-5523-1811-1:CNY35.00
    本书是第四级别,包括能力测试、最终能力测试、聆听内容答案、音乐情绪、创作广告歌曲、音乐结构、音乐研究报告、范围与进度。
●
相关链接 在E读中查询图书 在五车中查询图书 在当当中查询图书 在豆瓣中查询图书


正题名:音乐探索 教师指南     索取号:J6/1081:4         预约/预借

序号 登录号 条形码 馆藏地/架位号 状态 备注
1 1286084   212860849   第一样本阅览室/ [索取号:J6/1081:4] 在馆    
2 1286085   212860858   第一借阅区/ [索取号:J6/1081:4] 在馆    
3 1286086   212860867   第一借阅区/ [索取号:J6/1081:4] 在馆    
4 1286087   212860876   第一借阅区/ [索取号:J6/1081:4] 在馆    
唐山师范学院图书馆 欢迎您!
大连网信软件有限公司© 版权所有